Účtovanie osobných ochranných pracovných pomôcok
Príklady účtovania v oblasti obstarávania osobných ochranných pracovných prostriedkov podľa opatrenia MF SR č. 16786/2007-31, ktorým sa ustanovujú podrobnosti o postupoch účtovania a rámcovej účtovnej osnove pre rozpočtové a príspevkové organizácie, štátne fondy, obce a vyššie územné celky.
Salvato in:
| Autore principale: | |
|---|---|
| Natura: | Capitolo di libro |
| Lingua: | slovacco |
| Soggetti: | |
| Tags: |
Nessun Tag, puoi essere il primo ad aggiungerne!!
|
MARC
| LEADER | 00000naa a2200000 4500 | ||
|---|---|---|---|
| 001 | 0267267 | ||
| 005 | 20221104112919.3 | ||
| 041 | 0 | |a slo | |
| 044 | |a SK | ||
| 245 | 1 | 0 | |a Účtovanie osobných ochranných pracovných pomôcok |c Jana Hvojníková |
| 520 | |a Príklady účtovania v oblasti obstarávania osobných ochranných pracovných prostriedkov podľa opatrenia MF SR č. 16786/2007-31, ktorým sa ustanovujú podrobnosti o postupoch účtovania a rámcovej účtovnej osnove pre rozpočtové a príspevkové organizácie, štátne fondy, obce a vyššie územné celky. | ||
| 610 | 2 | 0 | |a ochrana zdravia |
| 610 | 2 | 0 | |a účtovanie |
| 610 | 2 | 0 | |a pomôcky pracovné |
| 610 | 2 | 0 | |a zamestnávatelia |
| 610 | 2 | 0 | |a zamestnanci |
| 100 | 1 | |a Hvojníková, Jana | |